000 01315nam a2200217Ia 4500
999 _c50313
_d50313
001 17254
003 GE_BSU
005 20200207144638.0
008 181216s||||||||xx |||||||||||||| ||geo||
020 _a9789941404825
040 _cGE_BSU
041 _ageo
080 _a141.1 ნ-40
245 _a(ნეო) პლატონიზმი და თანამედროვეობა = (Neo) platonism and modernit
_bთენგიზ ირემაძის წიგნისადმი-"აზროვნების კონცეფციები ნეოპლატონიზმში"-მიძღვნ. საერთაშორ. სამეცნ. კონფერენციის მასალები, 30 ივნ., 2008 წ /
_cრედ.- შემდგ.: გიორგი ბარამიძე ; [და სხვ.]
264 _aთბილისი :
_b[ნეკერი],
_c2009.
300 _a137 გვ .:
_c20 სმ.
653 _aნეოპლატონიზმი. აზროვნება. ინტელექტის თეორიები
653 _aფილოსოფია
700 _a ბარამიძე, გიორგი
_eრედაქტორ- შემდგენელი
_96896
942 _cBK
_2udc